A Acronyms - Statistics

General Stats
  • This quiz has been taken 13 times
  • The average score is 4 of 23
Answer Stats
Hint Answer % Correct
AD (Historical) Anno Domini
70%
AZ (State) Arizona
70%
AA (Company) American Airlines
60%
AF (Slang) As Fuck
50%
AP (School) Advanced Placement
40%
AI (Technology) Artificial Intelligence
40%
AC (Every-day) Air Conditioning
20%
AV (Technology) Audio Visual
20%
AE (Company) American Eagle
10%
AL (Sports) American League
10%
AS (Geography) American Samoa
10%
AT (Eastern U.S.) Appalachian Trail
10%
AG (Military) Attorney General
10%
AB (College) Bachelor of Arts
10%
AY (School) Academic Year
0%
AO (Military) Action Officer
0%
AH (Battery) Ampere-Hour
0%
AJ (Name) Andrew James
0%
AN (Disorder) Anorexia Nervosa
0%
AM (Time) Ante Meridiem
0%
AU (Science) Astronomical Unit
0%
AK (Weapon) Avtomat Kalashnikova
0%
AW (Star Wars) A-Wing
0%
No matching quizzes found
Score Distribution
Percent of People with Each Score
Percentile by Number Answered
Your Score History
You have not taken this quiz